000 00728nab a2200217 i 4500
001 768714001
003 CO-MdFUSB
005 20240609120727.0
008 240530t1974 ag ||||| |||| 00| 0 spa d
040 _bspa
_cCO-MdFUSB
_dCO-MdFUSB
041 _aspa
100 _aMendoza, Rolando,
_eautor
245 _aLa problemática ecológica
_c/ Rolando Mendoza
650 7 _aEcología
_97099
650 0 _aBiblia
_916
650 0 _aBiología
_915
650 7 _aEcología humana
_xAspectos religiosos
_97097
773 0 _069974
_982716
_dBuenos Aires
_oR2608
_tCerteza
_w(CO-MdFUSB)768714001
_gNúmero 54, (abril - mayo, 1974) páginas: 180 - 184
_qpágina: 180
942 _cANA
945 _aCatherine Arias Álvarez - Practicante SENA
999 _c70001
_d70001